[Event "Yerevan op 2nd"]
[Site "Yerevan"]
[Date "2017.09.21"]
[Round "3"]
[White "Khachatryan, Hayk"]
[Black "Mkrtumyan, Robert"]
[Result "0-1"]
[WhiteElo "1957"]
[BlackElo "1642"]
[PlyCount "110"]
[EventDate "2017.09.19"]
[EventType "swiss"]
[EventRounds "9"]
[EventCountry "ARM"]
[SourceTitle "CBM 180 Extra"]
[Source "ChessBase"]
[SourceDate "2017.10.06"]
[SourceVersion "1"]
[SourceVersionDate "2017.10.06"]
[SourceQuality "1"]

1. e4 c5 2. c3 Nc6 3. d4 cxd4 4. cxd4 d5 5. exd5 Qxd5 6. Nf3 Bg4 7. Be2 e5 8. Nc3 Bb4 9. 0-0 Bxc3 10. bxc3 e4 11. Ng5 Bf5 12. Qa4 Nh6 13. Bc4 Qa5 14. Qxa5 Nxa5 15. Bb5+ Kd8 16. Re1 a6 17. Ba4 b5 18. Bc2 Rc8 19. Bxe4 Re8 20. Bd2 f6 21. Nf7+ Kd7 22. Bxh6 Rxe4 23. Bxg7 Rxe1+ 24. Rxe1 Be6 25. Nh6 Rxc3 26. Bxf6 Bxa2 27. Re7+ Kc8 28. h4 Rc6 29. Re8+ Kb7 30. Ng4 b4 31. Be5 b3 32. d5 Rc1+ 33. Kh2 Nc4 34. Bf4 Rd1 35. Re7+ Kb6 36. Ne3 Nxe3 37. Bxe3+ Ka5 38. Rb7 Rxd5 39. Bc1 Rc5 40. Bb2 Rc2 41. Bd4 Rc4 42. Bf6 h5 43. Rh7 Rc5 44. g4 hxg4 45. Kg3 Bb1 46. Rg7 Rc6 47. Rg5+ Kb4 48. Rxg4+ Rc4 49. Rg7 Rc6 50. Bb2 Rg6+ 51. Rxg6 Bxg6 52. Kg4 a5 53. f4 a4 54. f5 Bxf5+ 55. Kxf5 a3 0-1